Deploying supply chain management (Record no. 72453)

MARC details
000 -LEADER
fixed length control field 00659cam a2200205 4500
001 - CONTROL NUMBER
control field ABS66553
008 - FIXED-LENGTH DATA ELEMENTS--GENERAL INFORMATION
fixed length control field 030404n2003 000 0 eng u
035 ## - SYSTEM CONTROL NUMBER
System control number (Sirsi) u121907
100 ## - MAIN ENTRY--PERSONAL NAME
Personal name Watson, P.
245 ## - TITLE STATEMENT
Title Deploying supply chain management
260 ## - PUBLICATION, DISTRIBUTION, ETC.
Date of publication, distribution, etc. 2003
490 ## - SERIES STATEMENT
Series statement Building Engineer
Volume/sequential designation 78(3) March 2003, 28-29(2)
490 ## - SERIES STATEMENT
Series statement Building Engineer
Volume/sequential designation 78(4) April 2003, 32-35(4)
520 ## - SUMMARY, ETC.
Summary, etc. Two articles on the deployment of supply chain management (SCM) within a construction operational environment.
590 ## - LOCAL NOTE (RLIN)
Local note ABS
650 ## - SUBJECT ADDED ENTRY--TOPICAL TERM
Topical term or geographic name entry element SUPPLY CHAIN MANAGEMENT
650 ## - SUBJECT ADDED ENTRY--TOPICAL TERM
Topical term or geographic name entry element PROJECT COSTS
690 ## - LOCAL SUBJECT ADDED ENTRY--TOPICAL TERM (OCLC, RLIN)
Topical term or geographic name as entry element Project management
9 (RLIN) 6261
942 ## - ADDED ENTRY ELEMENTS (KOHA)
Suppress in OPAC 0
Holdings
Withdrawn status Lost status Source of classification or shelving scheme Damaged status Not for loan Home library Current library Shelving location Date acquired Total Checkouts Full call number Barcode Date last seen Copy number Price effective from Koha item type
    Dewey Decimal Classification     London London Journal article 04/04/2003   ABS66553 121907-1001 06/08/2019 1 06/08/2019 Journal article